Le soleil noir : poesie et prose /

Bibliographic Details
Main Author: Lathion, Gilbert Bernard
Format: Book
Language:French
Published: Sherbrooke, Quebec : Naaman, 1978.
Series:Collection Creation ; 39

MARC

Tag First Indicator Second Indicator Subfields
LEADER 00000cam a2200000 i 4500
001 in00000449502
005 20151012094546.0
008 790620s1978 quca 00010 fre
010 |a  79354394  
015 |a C*** 
020 |c $4.00 
035 |a (OCoLC)05170903 
035 |9 ABY9798AM 
040 |a DLC  |c DLC  |d TXA  |d UtOrBLW 
049 |a TXAM  |c [1157896] 
050 0 0 |a PQ2672.A7616  |b S6 
082 0 |a 841/.9/14 
100 1 |a Lathion, Gilbert Bernard. 
245 1 3 |a Le soleil noir :  |b poesie et prose /  |c Gilbert-Bernard Lathion. 
264 1 |a Sherbrooke, Quebec :  |b Naaman,  |c 1978. 
300 |a 57 pages :  |b illustrations ;  |c 19 cm. 
336 |a text  |b txt  |2 rdacontent 
337 |a unmediated  |b n  |2 rdamedia 
338 |a volume  |b nc  |2 rdacarrier 
490 0 |a Collection Creation ; 39 
999 |a MARS 
999 f f |s a1d3f615-64c0-32ff-8398-c140581e9f83  |i f562d370-a284-3dcd-bd8e-1398ab850ae6  |t 0 
952 f f |p normal  |a Texas A&M University  |b College Station  |c Sterling C. Evans Library  |d Evans: Library Stacks  |t 0  |e PQ2672.A7616 S6  |h Library of Congress classification  |i unmediated -- volume  |m A14803789278 
998 f f |a PQ2672.A7616 S6  |t 0  |l Evans: Library Stacks